Statistics for Trick Questions #1

Click here to take the quiz!

General Stats

  • This quiz has been taken 1,162 times
  • The average score is 8 of 10

Answer Stats

QuestionAnswer% Correct
Jake's mother has 4 children; May, June and July. What is the 4th child's name?Jake
93%
What can you hold without touching it at all?A conversation
87%
How many months have 28 days?12
86%
I start out tall, but the longer I stand, the shorter I grow. What am I?A candle
85%
You imagine that you are dying, how do you stop dying?You stop imagining
84%
How can a girl go 25 days without sleep?She sleeps at night
83%
A one storey Redwood house has a set of stairs. What material are the stairs made of.There are none
74%
What starts with “e” and ends with “e” but only has one letter in it?An envelope
68%
What can run but not walk?Rain
67%
A van driver whistles to a nurse on the street. This causes the van driver to lose control and slams into a car with a father driving his son to school. The father dies at the scene, the boy is taken into hospital for surgery. The surgeon walks out and says "I can't operate on this boy, he is my son". What gender was the van driver?Not stated
50%

Score Distribution

Percentile by Number Answered

Percent of People with Each Score

Your Score History

You have not taken this quiz